Myrdhinn ou L'enchanteur Merlin (Record no. 156748)

MARC details
000 -LEADER
campo de control de longitud fija 00721nam a22001815i 4500
001 - NÚMERO DE CONTROL
campo de control 156748
003 - IDENTIFICADOR DE NÚMERO DE CONTROL
campo de control ES-MaACL
005 - FECHA Y HORA DE LA ÚLTIMA TRANSACCIÓN
campo de control 20230906210504.0
008 - DATOS DE LONGITUD FIJA--INFORMACIÓN GENERAL
campo de control de longitud fija 990728s1862 fr |||| | fre d
040 ## - FUENTE DE CATALOGACIÓN
Centro catalogador/agencia de origen CAM
Lengua de catalogación spa
Centro/agencia transcriptor CAM
100 1# - ENTRADA PRINCIPAL--NOMBRE DE PERSONA
Nombre de persona La Villemarque, Hersart de
Títulos y otros términos asociados al nombre Vicomte.
9 (RLIN) 128532
245 10 - MENCIÓN DEL TÍTULO
Título Myrdhinn ou L'enchanteur Merlin
Resto del título : son histoire, ses oeuvres, son influence /
Mención de responsabilidad, etc. par le vicomte Hersart de la Villemarque.
250 ## - MENCION DE EDICION
Mención de edición Nouvelle éd.
260 ## - PUBLICACIÓN, DISTRIBUCIÓN, ETC.
Lugar de publicación, distribución, etc. Paris :
Nombre del editor, distribuidor, etc. Librairie Académique, Didier et c\pie\s libraires-éditeurs,
Fecha de publicación, distribución, etc. 1862 (
Fabricante Imp. Simon Raçon er comp.)
300 ## - DESCRIPCIÓN FÍSICA
Extensión XI, 439 p. ;
Dimensiones 18 cm.
600 04 - PUNTO DE ACCESO ADICIONAL DE MATERIA--NOMBRE DE PERSONA
Nombre de persona Merlin el Encantador (Personaje literario)
9 (RLIN) 129861
852 ## - LOCALIZACIÓN
Ubicación ES-MaACL
Número de control de estantería G-12969
Nota libre -- Enc. hol.
Holdings
Estatus retirado Estado de pérdida Estado de daño No para préstamo Colección Biblioteca de origen Biblioteca actual Ubicación en estantería Fecha de adquisición Fuente de adquisición Total de préstamos Signatura topográfica completa Código de barras Visto por última vez Precio de reemplazo Tipo de ítem Koha
        Libros del s. XIX Biblioteca del Ateneo de Madrid Biblioteca del Ateneo de Madrid Sala Pecera Planta 3 17/01/2008     G-12969 1163994 23/02/2023 23/02/2023 Libro impreso antiguo